| 000 | 00731nam a2200217Ia 4500 | ||
|---|---|---|---|
| 003 | OSt | ||
| 005 | 20260211115308.0 | ||
| 008 | 220923b |||||||| |||| 00| 0 eng d | ||
| 020 | _a9780521699624 | ||
| 037 | _cGeneral Book | ||
| 040 |
_aRTL _cRTL _beng |
||
| 041 |
_2eng _aeng |
||
| 084 |
_aY:45114.678, P7 _qRTL |
||
| 100 |
_aDaly M.W. _9116143 |
||
| 245 | 0 | _aDarfur's sorrow: A history of destruction and genocide | |
| 260 |
_aDelhi _bCambridge University Press _c2007 |
||
| 300 |
_axix, 368 p. _bIncludes bibliographical references and index |
||
| 650 |
_aSociology _91115103 |
||
| 942 |
_hY:45114.678, P7 _cGB _2CC _n0 |
||
| 999 |
_c503828 _d503828 |
||